Optimization of Methylammonium Tin Halide solar cell structure using machine learning and numerical simulations (Record no. 45647)

000 -LEADER
fixed length control field 00542nam a22001697a 4500
001 - CONTROL NUMBER
control field 45647
003 - CONTROL NUMBER IDENTIFIER
control field BD-DhUET
008 - FIXED-LENGTH DATA ELEMENTS--GENERAL INFORMATION
fixed length control field 250802b xxu||||| |||| 00| 0 eng d
040 ## - CATALOGING SOURCE
Transcribing agency 0
Modifying agency BD-DhUET
100 ## - MAIN ENTRY--PERSONAL NAME
Personal name Arifur Rahman, Md.
245 ## - TITLE STATEMENT
Title Optimization of Methylammonium Tin Halide solar cell structure using machine learning and numerical simulations
260 ## - PUBLICATION, DISTRIBUTION, ETC. (IMPRINT)
Place of publication, distribution, etc. Dhaka
Name of publisher, distributor, etc. Department of Electrical and Electronic Engineering, BUET
Date of publication, distribution, etc. 2025
300 ## - PHYSICAL DESCRIPTION
Extent xiv, 15-106 p.
501 ## - WITH NOTE
With note One CD-ROM
504 ## - BIBLIOGRAPHY, ETC. NOTE
Bibliography, etc Includes bibliographies
942 ## - ADDED ENTRY ELEMENTS (KOHA)
Koha item type Thesis
Holdings
Price effective from Koha date last seen Shelving location Lost status Source of classification or shelving scheme Piece designation (barcode) Withdrawn status Damaged status Location (home branch) Sublocation or collection (holding branch) Not for loan Date acquired Koha item type
2026-04-122026-04-12Acquisition section  121012  Central Library, BUETCentral Library, BUET 2026-04-05Thesis